|
|
|
|
| LEADER |
00000naa2a2200000 4500 |
| 001 |
180937 |
| 005 |
20231031170925.0 |
| 035 |
|
|
|a (RuTPU)RU\TPU\book\196145
|
| 090 |
|
|
|a 180937
|
| 100 |
|
|
|a 20100529d2009 k y0rusy50 ca
|
| 101 |
0 |
|
|a rus
|
| 102 |
|
|
|a RU
|
| 200 |
1 |
|
|a Электрические модели оценки нефтенасыщенности коллекторов
|f А. Т. Мартынюк
|g науч. рук. Г. Г. Номоконова
|
| 463 |
|
0 |
|0 (RuTPU)RU\TPU\book\186895
|y 978-5-98298-569-9
|t Проблемы геологии и освоения недр
|o труды XIII Международного симпозиума имени академика М. А. Усова студентов и молодых ученых, посвященного 110-летию со дня рождения К. В. Радугина
|f Томский политехнический университет (ТПУ), Институт геологии и нефтегазового дела (ИГНД)
|v С. 310-311
|d 2009
|p 993 с.
|
| 610 |
1 |
|
|a коллекторы
|
| 610 |
1 |
|
|a нефтенасыщенность
|
| 610 |
1 |
|
|a модели
|
| 610 |
1 |
|
|a нефтяные месторождения
|
| 610 |
1 |
|
|a Покамасовское месторождение
|
| 610 |
1 |
|
|a электрические параметры
|
| 610 |
1 |
|
|a труды учёных ТПУ
|
| 700 |
|
1 |
|a Мартынюк
|b А. Т.
|
| 702 |
|
1 |
|a Номоконова
|b Г. Г.
|4 727
|
| 801 |
|
1 |
|a RU
|b 63413507
|c 20100529
|
| 942 |
|
|
|c BK
|